[Event "ICS rated blitz match"]
[Site "204.178.125.65"]
[Date "1999.12.02"]
[Round "?"]
[White "PostModernist"]
[Black "Hossa"]
[Result "1-0"]
[WhiteElo "2535"]
[BlackElo "2464"]
[PlyCount "167"]
[EventDate "1999.??.??"]

1. d4 Nf6 2. c4 e6 3. Nf3 d5 4. g3 dxc4 5. Bg2 Bb4+ 6. Nc3 Nd5 7. Bd2 Nb6 8.
Qc2 Nc6 9. O-O-O Ba5 10. Bg5 f6 11. Be3 Qe7 12. Nd2 Nb4 13. Qe4 O-O 14. a3 Nc6
15. Qc2 Rd8 16. Bxc6 bxc6 17. Na4 Ba6 18. Nc5 Bxd2+ 19. Rxd2 Bc8 20. h4 Rb8 21.
h5 Nd7 22. Qxc4 Nxc5 23. dxc5 Rxd2 24. Bxd2 h6 25. f3 Kh8 26. g4 e5 27. Qc2 Be6
28. b4 Qf7 29. Bc3 Bb3 30. Qd3 Bc4 31. Qd2 Ba2 32. Rd1 a5 33. Qd3 axb4 34. Bxb4
Bc4 35. Qe4 Bb3 36. Rd2 Bd5 37. Qd3 Kg8 38. Kd1 Be6 39. e4 Kh7 40. Ke1 Kg8 41.
Kf2 Qe8 42. Kg2 Qc8 43. Rb2 Qe8 44. a4 Rd8 45. Qe2 Rd4 46. a5 Bc4 47. Qf2 Rd1
48. Qc2 Rd4 49. Bc3 Bd3 50. Qd1 Rd8 51. Rd2 Qd7 52. a6 Kh7 53. Kh2 Qe7 54. Rxd3
Ra8 55. Bb4 Rxa6 56. Rd7 Ra2+ 57. Kg3 Ra1 58. Rxe7 Rxd1 59. Rxc7 Rb1 60. Bd2
Rg1+ 61. Kf2 Rd1 62. Ke2 Rh1 63. Rxc6 Ra1 64. Rc8 Ra2 65. c6 Rb2 66. c7 Rc2 67.
Kd3 Rc5 68. Bb4 Rc6 69. Ba5 g6 70. hxg6+ Kg7 71. Rd8 Kxg6 72. c8=R Rxc8 73.
Rxc8 Kg7 74. Bd8 Kf7 75. Rc7+ Ke6 76. Rh7 h5 77. Re7+ Kd6 78. gxh5 f5 79. Rc7
Ke6 80. h6 Kd6 81. h7 Ke6 82. h8=Q fxe4+ 83. Kxe4 Kd6 84. Qxe5# {
Hossa checkmated} 1-0

[Event "ICS rated blitz match"]
[Site "204.178.125.65"]
[Date "1999.12.02"]
[Round "?"]
[White "Hossa"]
[Black "PostModernist"]
[Result "1-0"]
[WhiteElo "2451"]
[BlackElo "2548"]
[PlyCount "133"]
[EventDate "1999.??.??"]

1. e4 c6 2. d4 d5 3. exd5 cxd5 4. c4 Nf6 5. Nc3 Nc6 6. Bg5 Bg4 7. f3 Be6 8.
Nge2 dxc4 9. Nf4 Qd6 10. d5 Qe5+ 11. Qe2 Qxg5 12. Nxe6 fxe6 13. dxc6 bxc6 14.
Qxe6 Rd8 15. Qxc6+ Kf7 16. Bxc4+ Kg6 17. O-O Rd2 18. f4 Qf5 19. b4 e6 20. Bxe6
Qd3 21. a3 a5 22. bxa5 Qe3+ 23. Kh1 Rc2 24. Nd1 Rxc6 25. Nxe3 Kh6 26. Bf7 g6
27. f5 Bc5 28. Nc4 Ng4 29. g3 Nf2+ 30. Kg2 Rf6 31. fxg6 hxg6 32. Ne5 Bd4 33.
Rae1 Ra8 34. Bc4 Rxa5 35. Nf3 Rxf3 36. Kxf3 Rxa3+ 37. Kg2 Rc3 38. Rc1 Rxc1 39.
Rxc1 Ng4 40. Be6 Nf6 41. h4 Nh5 42. Kf3 Be5 43. Rc5 Bd6 44. Rg5 Be7 45. Rg4 Ng7
46. Bf7 g5 47. hxg5+ Bxg5 48. Ke4 Be7 49. Rg6+ Kh7 50. g4 Bd8 51. Ra6 Be7 52.
Kf4 Bb4 53. Bg6+ Kg8 54. Ra8+ Ne8 55. Rxe8+ Kg7 56. Kf5 Bd6 57. g5 Bb4 58. Rd8
Ba3 59. Rd7+ Kf8 60. Bh7 Ke8 61. Ke6 Kf8 62. g6 Be7 63. g7+ Kxg7 64. Kxe7 Kh8
65. Kf7 Kxh7 66. Rd6 Kh8 67. Rh6# {PostModernist checkmated} 1-0

[Event "ICS unrated blitz match"]
[Site "204.178.125.65"]
[Date "1999.12.02"]
[Round "?"]
[White "Hossa"]
[Black "Moron"]
[Result "0-1"]
[WhiteElo "2471"]
[BlackElo "2725"]
[PlyCount "146"]
[EventDate "1999.??.??"]

1. e4 c5 2. Nf3 Nc6 3. d4 cxd4 4. Nxd4 Nf6 5. Nc3 d6 6. Bc4 Qb6 7. Nb3 e6 8.
O-O Be7 9. Be3 Qc7 10. Qf3 Ne5 11. Bb5+ Bd7 12. Bxd7+ Nfxd7 13. Qg3 O-O 14.
Rad1 a6 15. Bh6 Bf6 16. Bf4 b5 17. Rd2 Nb6 18. Bxe5 Bxe5 19. f4 Bxc3 20. bxc3
d5 21. e5 Na4 22. Rd3 Rac8 23. Rff3 Nc5 24. Rde3 Ne4 25. Qe1 Kh8 26. Rh3 g5 27.
fxg5 Qxe5 28. Nd2 Qxg5 29. Nxe4 dxe4 30. Rxe4 Rg8 31. Re2 Rc4 32. Rhe3 Ra4 33.
Re5 Qf6 34. Rf2 Qg6 35. Qa1 Rf4 36. Rfe2 Rc4 37. R5e3 Qf5 38. Rf2 Qg5 39. Ref3
f5 40. Qe1 Re4 41. Qa1 Qf6 42. Qd1 Ra4 43. Qb1 Qe5 44. Rd3 Re4 45. Kf1 Qxh2 46.
Rh3 Qc7 47. Qd1 Qc4+ 48. Kg1 Reg4 49. Qd6 Qe4 50. Qd2 Qc6 51. Rh2 Qc4 52. Qh6
R4g7 53. a3 Qd5 54. Qh5 Rd8 55. Qh4 Rdd7 56. Qh6 Qc5 57. Qc1 Qxc3 58. Rh6 Qe5
59. Rh3 Rg4 60. Qf1 Rdd4 61. Rc3 Rh4 62. g3 Rhg4 63. Rff3 Rd2 64. Rfd3 Rxd3 65.
Qxd3 f4 66. Kf1 Rxg3 67. Rc8+ Kg7 68. Qd7+ Kh6 69. Qb7 Qa1+ 70. Ke2 Re3+ 71.
Kf2 Qe1+ 72. Kg2 Rg3+ 73. Kh2 73... Qg1# {Hossa checkmated} 0-1

[Event "ICS rated blitz match"]
[Site "204.178.125.65"]
[Date "1999.12.02"]
[Round "?"]
[White "Killerplay"]
[Black "Hossa"]
[Result "1-0"]
[WhiteElo "2120"]
[BlackElo "2471"]
[PlyCount "117"]
[EventDate "1999.??.??"]

1. e4 c5 2. Nf3 Nc6 3. d4 cxd4 4. Nxd4 Nf6 5. Nc3 d6 6. Bc4 Qb6 7. Nb3 e6 8.
Be3 Qd8 9. Be2 Be7 10. Qd2 O-O 11. O-O-O Bd7 12. f4 Rc8 13. Rhg1 a6 14. g4 Nb4
15. Bf3 Be8 16. a3 Nc6 17. g5 Nd7 18. h4 Na5 19. Nxa5 Qxa5 20. Kb1 Qc7 21. h5
Nb6 22. Be2 Nc4 23. Bxc4 Qxc4 24. h6 g6 25. Qd4 Qxd4 26. Bxd4 Bd7 27. Bf6 Bxf6
28. gxf6 Rc6 29. Rg3 Rd8 30. Rgd3 Be8 31. e5 d5 32. Ne2 Rdc8 33. Nd4 R6c7 34.
b3 a5 35. Kb2 b5 36. Re1 Bd7 37. Ree3 Kf8 38. Rc3 Bc6 39. Rc5 Bd7 40. Rxc7 Rxc7
41. Rc3 Rxc3 42. Kxc3 Kg8 43. Nf3 Kf8 44. Kd4 Kg8 45. Kc5 Be8 46. Kd6 d4 47. b4
axb4 48. axb4 g5 49. fxg5 Kf8 50. Nxd4 Kg8 51. Kc5 Bd7 52. Nxb5 Bxb5 53. Kxb5
Kf8 54. Kc6 Ke8 55. Kc7 Kf8 56. b5 Kg8 57. b6 Kf8 58. b7 Ke8 59. b8=Q# {
Hossa checkmated} 1-0

[Event "ICS Rated blitz match"]
[Site "204.178.125.65"]
[Date "1999.12.02"]
[Round "?"]
[White "PostModernist"]
[Black "Hossa"]
[Result "1-0"]
[WhiteElo "2528"]
[BlackElo "2443"]
[PlyCount "121"]
[EventDate "1999.??.??"]

1. e4 c5 2. Nf3 Nc6 3. Bb5 d6 4. O-O Bd7 5. c3 Nf6 6. Re1 Qb6 7. Ba4 e5 8. d4
cxd4 9. Bxc6 bxc6 10. cxd4 Bg4 11. Nbd2 Qxd4 12. Nxd4 Bxd1 13. Nxc6 Ba4 14. Na5
Rc8 15. b3 Bb5 16. Ndc4 Kd7 17. Ba3 Bxc4 18. Nxc4 Ke6 19. Rad1 Rc6 20. f4 Ne8
21. fxe5 dxe5 22. Bxf8 Rxf8 23. Rd8 Ra6 24. a4 Rg8 25. Rf1 Rc6 26. Rfd1 Rc7 27.
Nd6 Nf6 28. Rxg8 Nxg8 29. Ne8 Rc3 30. Nxg7+ Kf6 31. Nf5 Kg6 32. Rd6+ Kg5 33.
Ra6 Rc7 34. Ne3 Ne7 35. g3 f6 36. Re6 Rb7 37. b4 h5 38. h4+ Kg6 39. Nc4 Kg7 40.
Nd6 Rd7 41. Kg2 Kg6 42. b5 Ng8 43. a5 Rc7 44. b6 Rc2+ 45. Kf1 axb6 46. axb6
Rc1+ 47. Ke2 Rc2+ 48. Kd3 Rb2 49. b7 Nh6 50. Kc4 Ng4 51. Nb5 Ne3+ 52. Kc5 Rc2+
53. Kd6 Rd2+ 54. Ke7 Kg7 55. b8=Q Rd8 56. Qxd8 Ng4 57. Qf8+ Kh7 58. Kd8 Nh6 59.
Re7+ Nf7+ 60. Qxf7+ Kh6 61. Qxf6# {Hossa checkmated} 1-0

[Event "ICS rated bullet match"]
[Site "204.178.125.65"]
[Date "1999.12.02"]
[Round "?"]
[White "Hossa"]
[Black "Nicy"]
[Result "1-0"]
[WhiteElo "2560"]
[BlackElo "2167"]
[PlyCount "165"]
[EventDate "1999.??.??"]

1. e4 c5 2. Nf3 Nc6 3. d4 cxd4 4. Nxd4 g6 5. Nc3 Bg7 6. Be3 Nf6 7. Bc4 Qa5 8.
O-O O-O 9. Nd5 Nxd5 10. exd5 Nxd4 11. Bxd4 d6 12. Bxg7 Kxg7 13. Qd4+ f6 14.
Rae1 Qc7 15. Re2 Rf7 16. Rfe1 b6 17. Bd3 Rb8 18. Bb5 Bb7 19. c3 Qd8 20. Bd3 Rc8
21. Bc2 Rc7 22. Bb3 Bc8 23. Qe3 Bf5 24. Qc1 Rb7 25. Qf4 Rc7 26. Qb4 Rb7 27. Qh4
Rc7 28. a3 Rb7 29. Qf4 Rc7 30. c4 Qc8 31. Qd2 Qd8 32. Qe3 Qc8 33. a4 Qd8 34.
Kh1 Qc8 35. Qd2 Qa6 36. Re3 Qb7 37. Qe2 Kf8 38. Qd1 Kg7 39. Kg1 Kf8 40. Qd4 Kg7
41. Qf4 Kf8 42. Qh6+ Kg8 43. h4 Rg7 44. h5 g5 45. Kh1 Qc8 46. f3 Qf8 47. Kg1
Rf7 48. Qxf8+ Kxf8 49. h6 Bg6 50. g3 Ke8 51. Kf2 Kd8 52. Kg2 Kd7 53. R1e2 Kd8
54. Kf2 Kd7 55. Kg1 Kd8 56. Kh2 Kd7 57. Kh3 Kd8 58. Kg4 Rf8 59. Re1 Rg8 60. Kh3
Rf8 61. Kg2 Rg8 62. Kf2 Rf8 63. R1e2 Rg8 64. Kg1 Rf8 65. Kh2 Rg8 66. Ba2 Rf8
67. Kh3 Rg8 68. Kg2 Rf8 69. Kf2 Rg8 70. g4 Rf8 71. Kg1 Rf7 72. Bb3 Kd7 73. Kg2
Rc8 74. Rf2 Rcf8 75. Bc2 Bxc2 76. Rxc2 Re8 77. Rce2 Rg8 78. a5 Kc7 79. Rxe7+
Rxe7 80. Rxe7+ Kb8 81. Rxh7 bxa5 82. Rg7 Rh8 83. h7 {Nicy resigns} 1-0

[Event "ICS Rated blitz match"]
[Site "204.178.125.65"]
[Date "1999.12.02"]
[Round "?"]
[White "Hossa"]
[Black "SharpShooter"]
[Result "0-1"]
[WhiteElo "2431"]
[BlackElo "2847"]
[PlyCount "114"]
[EventDate "1999.??.??"]

1. e4 e5 2. Nf3 Nc6 3. Bb5 a6 4. Ba4 Nf6 5. O-O Be7 6. Re1 b5 7. Bb3 d6 8. h3
O-O 9. Nc3 Na5 10. d3 Bb7 11. Bg5 c6 12. d4 exd4 13. Nxd4 c5 14. Nf5 c4 15.
Nxe7+ Qxe7 16. Re3 Qe5 17. f4 Qc5 18. Qd2 Nxe4 19. Nxe4 Bxe4 20. Be7 Rfe8 21.
Bxd6 Qb6 22. Be5 cxb3 23. axb3 Nc6 24. Kh1 Bg6 25. Ree1 f6 26. f5 Nxe5 27. fxg6
hxg6 28. Qf4 g5 29. Qd2 Rad8 30. Qe2 g4 31. hxg4 Kf7 32. Qe3 Qxe3 33. Rxe3 Nxg4
34. Rxe8 Kxe8 35. c4 Rd3 36. cxb5 axb5 37. b4 Rb3 38. Ra8+ Kf7 39. Ra2 Rxb4 40.
Kg1 Ra4 41. Rxa4 bxa4 42. Kf1 Ne3+ 43. Ke2 Nxg2 44. Kd3 g5 45. Ke4 g4 46. Kd3
f5 47. Kd4 f4 48. Ke4 f3 49. Kf5 f2 50. Ke4 f1=Q 51. Kd4 Qb5 52. Kc3 Nf4 53.
Kd4 Kf6 54. b3 Qb4+ 55. Ke3 Qc3+ 56. Kf2 Qf3+ 57. Kg1 57... Qg2# {
Hossa checkmated} 0-1

[Event "ICS Rated standard match"]
[Site "204.178.125.65"]
[Date "1999.12.02"]
[Round "?"]
[White "Hossa"]
[Black "Moron"]
[Result "0-1"]
[WhiteElo "2184"]
[BlackElo "2583"]
[PlyCount "64"]
[EventDate "1999.??.??"]

1. d4 d5 2. Bg5 Nf6 3. Bxf6 exf6 4. e3 c6 5. Nf3 Bd6 6. Bd3 Qb6 7. Qc1 Bg4 8.
Nbd2 Na6 9. c4 Bxf3 10. gxf3 c5 11. cxd5 cxd4 12. Nc4 Bb4+ 13. Ke2 Qd8 14. exd4
O-O 15. Ne3 Nc7 16. Qc4 Bd6 17. Rag1 Re8 18. Kd1 Rc8 19. Bf5 Ne6 20. Qa4 b5 21.
Qxb5 Nxd4 22. Qd3 Nxf5 23. Nxf5 Bf4 24. Rxg7+ Kh8 25. Rxh7+ Kxh7 26. Nd6+ Kh8
27. Nxc8 Qxc8 28. Qc2 Qa6 29. Re1 Rc8 30. Qxc8+ Qxc8 31. Re4 Qc1+ 32. Ke2 32...
f5 {Hossa resigns} 0-1

[Event "ICS rated blitz match"]
[Site "204.178.125.65"]
[Date "1999.12.02"]
[Round "?"]
[White "Hossa"]
[Black "Zippy"]
[Result "1-0"]
[WhiteElo "2428"]
[BlackElo "2400"]
[PlyCount "151"]
[EventDate "1999.??.??"]

1. d4 Nf6 2. c4 c5 3. d5 e6 4. Nc3 exd5 5. cxd5 d6 6. e4 Be7 7. Nf3 O-O 8. Bd3
a6 9. O-O Re8 10. Re1 b5 11. Bf4 c4 12. Bf1 Nbd7 13. Nd4 Ne5 14. Bxe5 dxe5 15.
Nc6 Qb6 16. Nxe7+ Rxe7 17. Qc2 Bd7 18. a4 Rc8 19. axb5 axb5 20. Rec1 b4 21. Nd1
Qd4 22. Bxc4 Nxe4 23. Qb3 Rb8 24. Ne3 Nd2 25. Qa2 Ne4 26. Rd1 Qc5 27. Bd3 Nd6
28. Qa7 Qxa7 29. Rxa7 e4 30. Be2 Kf8 31. Rda1 Bc8 32. Rxe7 Kxe7 33. Nc2 Bd7 34.
Ra7 Nb5 35. Bxb5 Rxb5 36. Ne3 g6 37. g4 Rc5 38. Kg2 Kd6 39. g5 b3 40. Ra3 Rb5
41. Ra8 Rb4 42. Rh8 Rd4 43. Rxh7 Ke7 44. h4 Rd2 45. h5 gxh5 46. g6 Rc2 47. g7
Rc8 48. Rh8 Kf6 49. Rxc8 Kxg7 50. Rc4 h4 51. Rc7 Bb5 52. Kh3 Kf6 53. Kxh4 Be2
54. Rb7 Bf3 55. Rxb3 Ke5 56. Rb7 f6 57. Rb6 Be2 58. Re6+ Kd4 59. d6 Bb5 60. d7
Bxd7 61. Rd6+ Ke5 62. Rxd7 Kf4 63. Ng4 f5 64. Rf7 Kf3 65. Rxf5+ Ke2 66. Nf6 Kd3
67. Re5 e3 68. Rxe3+ Kd4 69. Kg4 Kc5 70. Rc3+ Kd4 71. Kg5 Ke5 72. Rd3 Ke6 73.
Rd7 Ke5 74. f4+ Ke6 75. f5+ Ke5 76. Rd5# {Zippy checkmated} 1-0

[Event "ICS rated blitz match"]
[Site "204.178.125.65"]
[Date "1999.12.02"]
[Round "?"]
[White "Biblos"]
[Black "Hossa"]
[Result "0-1"]
[WhiteElo "2486"]
[BlackElo "2443"]
[PlyCount "28"]
[EventDate "1999.??.??"]

1. e4 c5 2. Nf3 d6 3. d4 Nf6 4. Nc3 cxd4 5. Nxd4 Nc6 6. Bc4 Bd7 7. Be3 Ng4 8.
Bg5 Qb6 9. Nce2 Qb4+ 10. Nc3 Qxc4 11. Nxc6 bxc6 12. h3 Nf6 13. Qf3 Rb8 14.
O-O-O 14... Qb4 {Biblos resigns} 0-1

[Event "ICS rated blitz match"]
[Site "204.178.125.65"]
[Date "1999.12.02"]
[Round "?"]
[White "Hossa"]
[Black "Biblos"]
[Result "1-0"]
[WhiteElo "2461"]
[BlackElo "2468"]
[PlyCount "21"]
[EventDate "1999.??.??"]

1. d4 d5 2. Bg5 Nc6 3. Nf3 Bg4 4. h3 Bxf3 5. exf3 Qd7 6. Bb5 O-O-O 7. O-O f6 8.
Be3 e5 9. dxe5 fxe5 10. Bxa7 b6 11. Ba6# {Biblos checkmated} 1-0

[Event "ICS rated blitz match"]
[Site "204.178.125.65"]
[Date "1999.12.02"]
[Round "?"]
[White "Quanny"]
[Black "Hossa"]
[Result "1-0"]
[WhiteElo "2799"]
[BlackElo "2489"]
[PlyCount "111"]
[EventDate "1999.??.??"]

1. d4 Nf6 2. c4 g6 3. Bf4 Bg7 4. Nc3 Nh5 5. Bg5 h6 6. Be3 d6 7. g3 Nc6 8. Bg2
e5 9. d5 Ne7 10. Nf3 Nf6 11. O-O O-O 12. Qc2 Bg4 13. h3 Bxf3 14. exf3 c6 15.
dxc6 bxc6 16. f4 exf4 17. Bxf4 d5 18. Rad1 Re8 19. Rfe1 Qa5 20. Qd2 Qb4 21.
cxd5 cxd5 22. Re2 h5 23. Be5 Rad8 24. a3 Qb7 25. Qf4 Qa6 26. Red2 Qe6 27. Bd4
a5 28. Qc7 Rc8 29. Qxa5 Nc6 30. Qa4 Nxd4 31. Rxd4 Qf5 32. Nxd5 Re2 33. Rf4 Qe6
34. Nxf6+ Bxf6 35. Bd5 Qb6 36. Bxf7+ Kg7 37. Bc4 Re7 38. b4 Rce8 39. Rd7 Kh6
40. Kg2 Re1 41. Qa7 Qxa7 42. Rxa7 Be5 43. Rff7 Rh8 44. f4 Bd4 45. Rad7 Rg1+ 46.
Kf3 Bb2 47. g4 hxg4+ 48. hxg4 Bxa3 49. Rd2 Rh1 50. Rd8 Rh3+ 51. Kg2 Re8 52.
Rxe8 Rh2+ 53. Kxh2 Bb2 54. g5+ Kh5 55. Be2+ Kh4 56. Rh7# {Hossa checkmated} 1-0

[Event "ICS rated blitz match"]
[Site "204.178.125.65"]
[Date "1999.12.02"]
[Round "?"]
[White "Hossa"]
[Black "SharpShooter"]
[Result "0-1"]
[WhiteElo "2484"]
[BlackElo "2846"]
[PlyCount "118"]
[EventDate "1999.??.??"]

1. d4 Nf6 2. c4 e6 3. Nf3 b6 4. a3 Bb7 5. Nc3 d5 6. Bg5 Be7 7. e3 Nbd7 8. Bd3
dxc4 9. Bxc4 O-O 10. O-O Nd5 11. Bxe7 Qxe7 12. Ne2 c5 13. Rc1 Rfd8 14. Qa4 Nc7
15. Ne1 e5 16. Bd3 exd4 17. exd4 Kh8 18. b4 Ne6 19. dxc5 bxc5 20. Qb5 Rab8 21.
Qa4 Bd5 22. Nc3 Nf6 23. Bb5 Nd4 24. Nxd5 Nxd5 25. Bd3 cxb4 26. axb4 Ne3 27. Rc7
Qxc7 28. fxe3 Nc6 29. b5 Ne5 30. Bb1 Kg8 31. Qh4 g6 32. Qa4 Rd2 33. Nf3 Nxf3+
34. Rxf3 Rc8 35. Rf1 Qc4 36. Qxc4 Rxc4 37. h3 Rb4 38. Rc1 Rxb5 39. Be4 Re5 40.
Rc4 a5 41. h4 f5 42. Bf3 Rxe3 43. Rc7 a4 44. h5 a3 45. hxg6 Re1+ 46. Kh2 a2 47.
Ra7 a1=Q 48. gxh7+ Kh8 49. Rxa1 Rxa1 50. Kg3 Ra4 51. Kh3 Kxh7 52. Kg3 Kh6 53.
Kh2 Kg5 54. Bb7 Rd1 55. g3 Ra2+ 56. Bg2 Rdd2 57. Kh1 Rxg2 58. g4 Rgb2 59. gxf5
59... Ra1# {Hossa checkmated} 0-1

[Event "ICS unrated blitz match"]
[Site "204.178.125.65"]
[Date "1999.12.02"]
[Round "?"]
[White "Moron"]
[Black "Hossa"]
[Result "1-0"]
[WhiteElo "2730"]
[BlackElo "2480"]
[PlyCount "145"]
[EventDate "1999.??.??"]

1. e4 c5 2. Nf3 d6 3. Bb5+ Bd7 4. Bxd7+ Qxd7 5. O-O e5 6. d3 Be7 7. c4 Nf6 8.
Nc3 Nc6 9. Nd5 O-O 10. Bd2 Nd4 11. Nxd4 exd4 12. b4 Rfe8 13. Qf3 b6 14. Rfe1
Nxd5 15. exd5 Qa4 16. Qd1 Qd7 17. b5 Qf5 18. Qe2 a6 19. a4 axb5 20. axb5 Rxa1
21. Rxa1 Qd7 22. Re1 Qf5 23. Bc1 Kf8 24. h3 h6 25. Bd2 Qf6 26. Qe4 Qg6 27. Qxg6
fxg6 28. Ra1 Kg8 29. Bf4 g5 30. Bg3 h5 31. Kf1 Bf8 32. Ra7 g4 33. hxg4 hxg4 34.
Rb7 Ra8 35. Rxb6 Ra1+ 36. Ke2 Ra2+ 37. Ke1 Rb2 38. Kd1 Rb1+ 39. Kc2 Re1 40. Rb8
Kf7 41. b6 Re2+ 42. Kb3 Be7 43. b7 Re1 44. Kb2 Re2+ 45. Ka3 Re1 46. Rh8 Rb1 47.
b8=Q Rxb8 48. Rxb8 Kg6 49. Rb7 Kf6 50. Rd7 g5 51. Rxd6+ Kf7 52. Rc6 Kg7 53. d6
Bf8 54. d7 Be7 55. Bc7 g3 56. Bxg3 Kf7 57. Bc7 g4 58. d8=Q Bxd8 59. Bxd8 Kg7
60. Rxc5 g3 61. fxg3 Kf7 62. Rd5 Kg6 63. Rxd4 Kf5 64. Re4 Kg6 65. Rf4 Kg7 66.
Rf6 Kh7 67. c5 Kg7 68. c6 Kh7 69. c7 Kh8 70. c8=Q Kg7 71. Qd7+ Kg8 72. Qf7+ Kh8
73. Rh6# {Hossa checkmated} 1-0

[Event "ICS rated blitz match"]
[Site "204.178.125.65"]
[Date "1999.12.02"]
[Round "?"]
[White "Zippy"]
[Black "Hossa"]
[Result "1-0"]
[WhiteElo "2362"]
[BlackElo "2491"]
[PlyCount "179"]
[EventDate "1999.??.??"]

1. e4 e5 2. Nf3 Nc6 3. Bb5 a6 4. Ba4 Nf6 5. O-O Be7 6. Bxc6 dxc6 7. Nxe5 Nxe4
8. d3 Nd6 9. Nc3 O-O 10. Re1 Nf5 11. Bf4 Be6 12. Ne4 Re8 13. h3 f6 14. Nf3 Qd7
15. g4 Nd4 16. Nxd4 Qxd4 17. Bxc7 Qxb2 18. Rb1 Qa3 19. Rxb7 Bxa2 20. Re3 Be6
21. d4 Qa2 22. Qe1 Bc8 23. Rb6 Bd7 24. Nc3 Qf7 25. Bf4 a5 26. Rb7 Bb4 27. Qd2
f5 28. g5 Re4 29. Be5 Qe7 30. Kh2 Rd8 31. f4 Kh8 32. Rg3 Qe6 33. Rxb4 axb4 34.
Nxe4 fxe4 35. Qxb4 Re8 36. c4 Qf7 37. Qb7 Qf5 38. Qc7 Ra8 39. Ra3 Rc8 40. Qb7
Kg8 41. Qb4 Re8 42. Qc5 Rf8 43. Qe7 Rf7 44. Qb4 Bc8 45. Qc5 Qe6 46. Rg3 Bd7 47.
Kg2 Qf5 48. Qb4 Be8 49. Qb8 Re7 50. Bf6 Re6 51. Qb7 Bf7 52. Qc8+ Be8 53. Qc7
Bf7 54. Be5 Qg6 55. Qd7 Be8 56. Qb7 Bf7 57. Ra3 e3 58. Rxe3 Qc2+ 59. Kg3 Qc1
60. Qb3 Qg1+ 61. Kh4 Re8 62. Qd3 Qf2+ 63. Rg3 Qa2 64. c5 Bc4 65. Qf3 Bd5 66.
Qg4 Qa7 67. f5 Qd7 68. Qh5 Be4 69. f6 Bg6 70. Qf3 Rf8 71. Qb3+ Bf7 72. Qc3 Bd5
73. fxg7 Rf2 74. Qe1 Rf5 75. Qb4 Qe8 76. Qb2 Rf1 77. Qb7 Rf2 78. Ra3 Re2 79.
Ra8 Rxe5 80. dxe5 Qxa8 81. Qxa8+ Kxg7 82. Qe8 Bf7 83. Qxc6 Bg6 84. Qf6+ Kg8 85.
c6 Be4 86. c7 Bb7 87. e6 h6 88. c8=Q+ Bxc8 89. gxh6 Kh7 90. Qg7# {
Hossa checkmated} 1-0

[Event "ICS rated standard match"]
[Site "204.178.125.65"]
[Date "1999.12.02"]
[Round "?"]
[White "star"]
[Black "Hossa"]
[Result "1-0"]
[WhiteElo "2405"]
[BlackElo "2181"]
[PlyCount "117"]
[EventDate "1999.??.??"]

1. e4 c5 2. c3 Nf6 3. e5 Nd5 4. d4 cxd4 5. cxd4 d6 6. Nf3 dxe5 7. dxe5 Nc6 8.
Bc4 e6 9. O-O Be7 10. Nc3 Nxc3 11. bxc3 Qa5 12. Qe2 Qxc3 13. Bd2 Qa3 14. Rfb1
O-O 15. Rb3 Qc5 16. Rc1 Nd4 17. Nxd4 Qxd4 18. Bd3 f5 19. exf6 Bxf6 20. Be3 Qd5
21. Qc2 Qh5 22. Rb5 e5 23. Be4 a6 24. Rc5 Rd8 25. Qc4+ Kf8 26. Bd5 Qe8 27. Rc7
Rxd5 28. Qxd5 Be6 29. Qxb7 Kg8 30. Bc5 Bxa2 31. Be7 Rb8 32. Qxa6 Bxe7 33. Rc8
Bf7 34. Rxb8 Qxb8 35. Rc8+ Qxc8 36. Qxc8+ Bf8 37. f3 g6 38. Qb8 h5 39. Kf2 Be6
40. Qxe5 Kf7 41. Qf4+ Kg7 42. Qc7+ Kf6 43. Ke3 Be7 44. f4 Kf7 45. Ke4 h4 46.
Ke5 h3 47. g3 Bf5 48. Qc4+ Kf8 49. Qe2 Bd8 50. Kd6 Kg7 51. g4 Bc8 52. Qe8 Bc7+
53. Ke7 Ba5 54. Qf8+ Kh7 55. Qxc8 Bc7 56. Kf6 Bd6 57. Qb7+ Bc7 58. Qxc7+ Kh8
59. Qg7# {Hossa checkmated} 1-0

[Event "ICS Rated standard match"]
[Site "204.178.125.65"]
[Date "1999.12.02"]
[Round "?"]
[White "Hossa"]
[Black "PostModernist"]
[Result "0-1"]
[WhiteElo "2174"]
[BlackElo "2429"]
[PlyCount "107"]
[EventDate "1999.??.??"]

1. e4 c5 2. Nf3 d6 3. d4 Nf6 4. Nc3 cxd4 5. Nxd4 Nc6 6. Bc4 Qb6 7. Nb3 e6 8.
O-O Be7 9. Bf4 Qd8 10. Qe2 O-O 11. Rad1 e5 12. Be3 Be6 13. Rd2 Qe8 14. Rfd1 Rc8
15. Bd3 Ng4 16. Nd5 Nxe3 17. Nxe3 Bg5 18. c3 Qe7 19. Bc4 Bxc4 20. Qxc4 Bxe3 21.
fxe3 Na5 22. Qd3 Nc4 23. Rf2 Qh4 24. Re2 a5 25. Nc1 Rc6 26. Rf1 a4 27. b3 Nb6
28. Rb2 a3 29. Rbf2 Nd7 30. Ne2 Nf6 31. Rxf6 gxf6 32. Ng3 f5 33. Nxf5 Qd8 34.
c4 Qd7 35. Qd5 Qc7 36. Qd1 Kh8 37. Qg4 f6 38. Qd1 Qd7 39. Qd5 Rd8 40. Qa5 Ra6
41. Qe1 Rf8 42. Qe2 Rc6 43. Qf2 Qc7 44. Rd1 b5 45. cxb5 Rc2 46. b6 Qc3 47. Qf1
Rxa2 48. Rd3 Qc2 49. Nxd6 Rb2 50. Rd1 a2 51. b7 Qxd1 52. Qxd1 Rb1 53. Qf1 Rxf1+
54. Kxf1 {Hossa resigns} 0-1

[Event "ICS rated standard match"]
[Site "204.178.125.65"]
[Date "1999.12.02"]
[Round "?"]
[White "Beadle"]
[Black "Hossa"]
[Result "1-0"]
[WhiteElo "2374"]
[BlackElo "2168"]
[Annotator "Hiarcs 7.32 (13s)"]
[PlyCount "107"]
[EventDate "1999.??.??"]

1. d4 1... Nf6 {Opening = 5.... Bb4 6.Bd2} 2. c4 e6 3. Nf3 b6 4. e3 Bb7 5. Bd3
Bb4+ 6. Bd2 Bxd2+ 7. Nbxd2 c5 (7... O-O 8. e4 d6 9. O-O e5 10. d5 a5 11. a3 Na6
12. Bc2 c6 13. Rb1 b5 14. cxb5 cxb5 15. b4 axb4 16. axb4 Qb6 17. Bd3 Bc8 18.
Re1 Bd7 19. Nf1 Rfc8 20. h3 Rc3 21. Qd2 Rac8 22. Ng3 {
Ehlvest,J-Vaganian,R/Erevan 1996/TUR 96/1/2-1/2 (36)}) 8. O-O 8... O-O $146 (
8... d6 9. Qc2 Nbd7 10. Ne4 O-O 11. dxc5 Nxc5 12. Nxc5 dxc5 13. Rfd1 Qc7 14. h3
Bxf3 15. gxf3 Rad8 16. Be2 h6 17. Rxd8 Rxd8 18. Rd1 Rxd1+ 19. Qxd1 g5 20. Qd2
Qe5 21. Kg2 Kg7 22. a3 Ne8 23. Bd3 {
Malich,B-Romanishin,O/Kecskemet 1989/TD 89\11/0-1 (48)}) 9. dxc5 bxc5 10. Ng5
Na6 11. Nde4 Nxe4 12. Bxe4 Bxe4 13. Nxe4 d5 14. Qa4 dxe4 15. Qxa6 Qb6 16. Qa3
Rfd8 17. Rad1 Rac8 18. Qc3 Qa6 19. a3 f6 20. Qc2 f5 21. h3 Rb8 22. Qc3 Qc6 23.
Qe5 Rbc8 24. g4 fxg4 25. Rxd8+ Rxd8 26. hxg4 Kf7 27. Kg2 Rd2 28. Rh1 h6 29. g5
29... h5 $2 (29... Qd6 $142 30. Qxd6 Rxd6 31. gxh6 gxh6 32. Rxh6 32... Rb6 $18)
30. Rxh5 {Droht Matt: Rh7} 30... Rd7 31. Rh4 Rb7 (31... Rc7 $18 {
sonst gehen die Lichter sofort aus}) 32. g6+ Kxg6 33. Qh5+ Kf6 34. Rg4 {
Droht Matt} 34... Qb6 (34... Qc8 {waere gleichermassen fruchtlos} 35. Qg5+ Kf7
36. Qxg7+ Ke8 37. Qh8+ Kd7 38. Rg8 Qxg8+ 39. Qxg8 $18) 35. b4 Rc7 36. Qg5+ Kf7
37. Qxg7+ Ke8 38. Qg8+ Kd7 39. Rg7+ Kc6 40. Qa8+ 40... Qb7 {
Mit der Mattdrohung Rxg7} 41. Qe8+ Kd6 42. Qf8+ Re7 43. bxc5+ Kxc5 44. Rxe7 $1
{das wars. Es droht Matt} 44... Qxe7 45. Qxe7+ Kc6 46. Qxe6+ Kc5 47. Qd5+ (47.
f3 exf3+ 48. Kxf3 a5 49. Ke4 a4 50. Qd5+ Kb6 51. Qd7 Ka6 52. c5 Ka5 53. Qa7+
Kb5 54. Qb6+ Kc4 55. Qb4#) 47... Kb6 48. Qd6+ (48. c5+ Kb5 49. c6+ Kb6 50. a4
a5 51. Qd6 Ka6 52. Qd8 Ka7 53. Qxa5+ Kb8 54. Qd8+ Ka7 55. Qc7+ Ka6 56. Qb7+ Ka5
57. Qb5#) 48... Kb7 49. c5 $1 {glaenzend gespielt} 49... a5 50. Qd7+ $18 (50.
Qb6+ Kc8 51. c6 a4 52. Qb7+ Kd8 53. Qd7#) 50... Ka6 51. Qc6+ Ka7 52. Qb6+ Ka8
53. c6 $1 {entscheidend} 53... a4 54. Qb7# 1-0

[Event "ICS rated blitz match"]
[Site "204.178.125.65"]
[Date "1999.12.02"]
[Round "?"]
[White "Hossa"]
[Black "jorgenio"]
[Result "1-0"]
[WhiteElo "2477"]
[BlackElo "2106"]
[PlyCount "97"]
[EventDate "1999.??.??"]

1. e4 c5 2. Nf3 d6 3. Bb5+ Bd7 4. Bxd7+ Nxd7 5. O-O Ngf6 6. Re1 g6 7. Nc3 Bg7
8. d3 O-O 9. Bg5 h6 10. Be3 a6 11. Nd5 Nxd5 12. exd5 Nf6 13. c4 b5 14. Qd2 Kh7
15. Bf4 Rb8 16. Rab1 Nh5 17. Be3 Nf6 18. b3 Ng4 19. Bf4 b4 20. Re4 Nf6 21. Re2
Nh5 22. Bg3 a5 23. Bh4 g5 24. Bg3 a4 25. bxa4 Ra8 26. Qc2 Kg8 27. Rbe1 Nxg3 28.
fxg3 Ra7 29. h4 g4 30. Nh2 h5 31. Rf1 Qa5 32. Qd2 b3 33. Qxa5 Rxa5 34. axb3 Rb8
35. Rf5 Rxb3 36. Rxe7 Bd4+ 37. Kf1 Rxa4 38. Re8+ Kg7 39. Rxh5 Rb1+ 40. Re1 Rb2
41. Nxg4 Raa2 42. Rf5 Rf2+ 43. Nxf2 Bxf2 44. Rxf2 Ra3 45. Re7 Ra1+ 46. Ke2 Ra2+
47. Ke3 Ra3 48. Rexf7+ Kg6 49. g4 {jorgenio resigns} 1-0